Soldado inmortal / (Record no. 4660)
[ view plain ]
| 000 -LEADER | |
|---|---|
| campo de control de longitud fija | 00703nam a2200193 4500 |
| 003 - IDENTIFICADOR DE NÚMERO DE CONTROL | |
| campo de control | - |
| 005 - FECHA Y HORA DE LA ÚLTIMA TRANSACCIÓN | |
| campo de control | 20260508204555.0 |
| 008 - DATOS DE LONGITUD FIJA--INFORMACIÓN GENERAL | |
| campo de control de longitud fija | - |
| 020 ## - NÚMERO INTERNACIONAL ESTÁNDAR DEL LIBRO | |
| Número Internacional Estándar del Libro | ISBN 978-9968-03-890-4 |
| 040 ## - FUENTE DE CATALOGACIÓN | |
| Centro catalogador/agencia de origen | Biblioteca LadoV Teorética |
| Lengua de catalogación | spa |
| Centro/agencia transcriptor | Biblioteca LadoV Teorética |
| Normas de descripción | rda |
| 082 04 - NÚMERO DE LA CLASIFICACIÓN DECIMAL DEWEY | |
| Número de clasificación | 862.44 |
| Número de ítem | A668s |
| 100 #1 - ENTRADA PRINCIPAL--NOMBRE DE PERSONA | |
| Nombre de persona | Arce Arias, Cristina |
| Término indicativo de función/relación | autora |
| 245 10 - MENCIÓN DEL TÍTULO | |
| Título | Soldado inmortal / |
| Mención de responsabilidad, etc. | por Cristina Arce |
| 260 #1 - PUBLICACIÓN, DISTRIBUCIÓN, ETC. | |
| Lugar de publicación, distribución, etc. | Costa Rica : |
| Nombre del editor, distribuidor, etc. | Imprenta Nacional Costa Rica, |
| Fecha de publicación, distribución, etc. | 2024 |
| 300 ## - DESCRIPCIÓN FÍSICA | |
| Extensión | 83 páginas : |
| Otras características físicas | texto ; |
| Dimensiones | 21 x 13 cm. |
| 500 ## - NOTA GENERAL | |
| Nota general | Obra ganadora del Concurso Nacional de Dramaturgia Inédita de la Campaña Nacional de Teatro - CID en la categoría de Obra Larga - 2023. |
| 650 #4 - PUNTO DE ACCESO ADICIONAL DE MATERIA--TÉRMINO DE MATERIA | |
| Término de materia o nombre geográfico como elemento de entrada | Teatro Costarricense |
| 942 ## - ELEMENTOS DE ENTRADA SECUNDARIOS (KOHA) | |
| Fuente del sistema de clasificación o colocación | Clasificación Decimal Dewey |
| Tipo de ítem Koha | Libros |
| Suprimir en OPAC | No |
| Estatus retirado | Estado de pérdida | Fuente del sistema de clasificación o colocación | Estado de daño | No para préstamo | Biblioteca de origen | Biblioteca actual | Fecha de adquisición | Total de préstamos | Signatura topográfica completa | Código de barras | Visto por última vez | Precio de reemplazo | Tipo de ítem Koha |
|---|---|---|---|---|---|---|---|---|---|---|---|---|---|
| Clasificación Decimal Dewey | Biblioteca LadoV | Biblioteca LadoV | 08/05/2026 | 862.44 A668s | 00005071 | 08/05/2026 | 08/05/2026 | Libros |
